|
|
|
|
| LEADER |
00000cam a2200000 4500 |
| 001 |
vtls011903688 |
| 003 |
SK-MaSNL |
| 005 |
20260331211303.0 |
| 008 |
210624s2019 xo a gr 000 j eng |
| 015 |
|
|
|a SNBA2020/02
|
| 020 |
|
|
|a 9788056613436
|q (brožované)
|
| 035 |
|
|
|a 7A886EC3-0160-41BB-8EAB-0D27497F8826
|
| 035 |
|
|
|a urn:nbn:sk:snk-am3ifxj
|
| 035 |
|
|
|a urn:nbn:sk:snk-am00e8ss
|
| 040 |
|
|
|a SNK
|b slo
|c SNK
|e rda
|
| 041 |
1 |
|
|a eng
|a slo
|h eng
|
| 044 |
|
|
|a xo
|c SK
|
| 072 |
|
7 |
|a 821.111
|x Anglická literatúra, anglicky písaná
|2 konspekt
|
| 080 |
|
|
|a 821.111-32
|2 2011
|
| 080 |
|
|
|a (0:82-322.4)
|2 2011
|
| 100 |
1 |
|
|a Harris, Sabrina D.,
|d 1975-
|4 adp
|9 197832
|
| 245 |
1 |
4 |
|a The Stories of Sherlock Holmes
|c Arthur Conan Doyle ; adapted by Sabrina D. Harris ; slovenský preklad Miroslav Šatka ; ilustrácie Karolína Wellartová
|
| 246 |
1 |
1 |
|a Príbehy Sherlocka Holmesa
|
| 250 |
|
|
|a 1. vydanie
|
| 264 |
|
1 |
|a Bratislava
|b Lindeni
|c 2019
|
| 300 |
|
|
|a 142 strán
|b ilustrácie
|c 21 cm
|
| 336 |
|
|
|a text
|b txt
|2 rdacontent
|
| 337 |
|
|
|a bez média
|b n
|2 rdamedia
|
| 338 |
|
|
|a zväzok
|b nc
|2 rdacarrier
|
| 500 |
|
|
|a Dvojjazyčná kniha pre mierne pokročilých
|
| 500 |
|
|
|a Vydalo vydavateľstvo Lindeni v spoločnosti Albatros Media Slovakia, s.r.o.
|
| 655 |
|
7 |
|a anglické poviedky
|2 SNKPH
|9 70540
|
| 655 |
|
7 |
|a English short stories
|2 SNKPHeng
|9 330742
|
| 655 |
|
7 |
|a detektívne poviedky
|2 SNKPH
|9 70227
|
| 655 |
|
7 |
|a Detective short stories
|2 SNKPHeng
|9 119435
|
| 700 |
1 |
|
|a Ondruchová Wellartová, Karolína, 1991-
|4 ill
|9 223476
|
| 700 |
1 |
|
|a Šatka, Miroslav
|4 trl
|9 176376
|
| 700 |
1 |
|
|i Literárna adaptácia diela:
|a Doyle, Arthur Conan,
|d 1859-1930
|t The Stories of Sherlock Holmes
|9 503458
|
| 710 |
2 |
|
|a Albatros Media Slovakia.
|b Lindeni
|4 pbl
|9 193326
|
| 919 |
|
|
|a 978-80-566-1343-6
|
| 958 |
|
|
|a LX
|
| 958 |
|
|
|a UP
|
| 968 |
|
|
|b ENG
|
| 999 |
|
|
|c 778021
|d 779951
|
| 952 |
|
|
|a SNK
|b SNK
|y PREZ
|7 0
|p 17A1415137
|o snkSC 187742
|i snk2020/2769
|8 0
|0 0
|1 0
|4 0
|d 2020-02-06
|f 1
|l 0
|r 2026-02-24 00:55:33
|w 2026-02-24
|
| 952 |
|
|
|a SNK
|b SNK
|y VYP
|7 0
|p 17A1415138
|o snkSC 187742 D1
|i snk2020/2771
|8 0
|0 0
|1 0
|4 0
|d 2020-02-06
|l 0
|r 2026-02-24 00:55:33
|w 2026-02-24
|